00371 2200145 4500001002100000008004100021035002000062245001600082100002200098260002700120300001400147082001100161650004000172990001300212INLIS000000000001756 ind  a0010-0423001756 aHARUS BISA! aDINO PATTI DJALAL aJAKARTAbANGGOTA IKAPI ahlm.ccm. a920598 aBIOGRAFI - INDONESIAM (ORANG-ORANG) a100888-1